| 000 | 01974nam0a2200385 4500 | ||
|---|---|---|---|
| 001 | RU\NLR\BIBL_A\011945388 | ||
| 005 | 20210401112159.0 | ||
| 010 |
_a978-5-907098-07-7 _91500 |
||
| 021 |
_aRU _bКН-П-19-002922 _9КН-П-19-0209 |
||
| 035 | _a(NLR Aleph) 011945388 | ||
| 035 | _a(RuMoRGB)009884337 | ||
| 090 |
_a11115472 _c11115472 |
||
| 100 | _a20190225d2019 k y0rusy50 ca | ||
| 101 | 1 |
_arus _ceng |
|
| 102 | _aRU | ||
| 105 | _aa|||z|||001zy | ||
| 200 | 1 |
_aРуководство по индукции овуляции и протоколам стимуляции яичников _fпод редакцией Гаутама Н. Аллахбадии, Рубины Мерчант _g[перевод с английского: Кандрор Виллен Иосифович] |
|
| 205 | _a3-е изд. | ||
| 210 |
_aМосква _cМедицинское информационное агентство _d2019 |
||
| 215 |
_aXXX, 667 с. _cцв. ил., табл. _d24 |
||
| 300 | _aЗагл. ориг.: Manual of ovulation induction and ovarian stimulation protocols | ||
| 320 | _aБиблиогр. в конце гл. | ||
| 320 | _aАлф. указ.: с. 663-667 | ||
| 454 | 0 |
_12001#$aManual of ovulation induction and ovarian stimulation protocols _tManual of ovulation induction and ovarian stimulation protocols |
|
| 606 | 1 |
_aЯичники _jРуководства, пособия и т.п _xСтимуляция при патологии _92340145 _3RU\NLR\AUTH\6601622403 |
|
| 606 | 1 |
_aОвуляция _jРуководства, пособия и т.п _91156404 _3RU\NLR\AUTH\66144051 |
|
| 686 | 1 | _aР712.55я77 | |
| 686 | 1 | _aР712.54-5я77 | |
| 686 | 1 | _aР712.56я77 | |
| 702 | 1 |
_aАллахбадия _bГ. Н. _gГаутам Н _4340 |
|
| 942 | _cBOOK | ||
| 980 | _aNBR | ||
| 980 | _aNB | ||